Top 30 Countries in Men's 400 Meters - Statistics

General Stats
  • This quiz has been taken 59 times
  • The average score is 24 of 30
Answer Stats
NR Continent Answer % Correct
44.44 North America Canada
98%
44.26 Europe United Kingdom
97%
43.18 North America United States
97%
43.93 North America Jamaica
95%
44.29 South America Brazil
93%
44.18 Africa Kenya
93%
43.03 Africa South Africa
93%
44.46 Europe France
91%
44.38 Oceania Australia
90%
44.33 Europe Germany
90%
44.48 Europe Netherlands
88%
44.17 Africa Nigeria
86%
44.31 North America Mexico
84%
44.14 North America Cuba
83%
44.39 Europe Norway
83%
44.43 Europe Belgium
81%
43.48 North America Bahamas
79%
44.01 North America Trinidad and Tobago
79%
43.93 South America Columbia
78%
44.11 North America Dominican Republic
76%
44.44 North America Barbados
74%
43.74 North America Grenada
72%
44.10 Africa Democratic Republic of the Congo
67%
43.72 Africa Botswana
66%
44.07 Asia Qatar
66%
44.37 Africa Uganda
66%
44.30 Africa Ivory Coast
62%
43.93 Asia Saudi Arabia
60%
43.91 Africa Zambia
60%
44.36 Asia Bahrain
53%
No matching quizzes found
Score Distribution
Percent of People with Each Score
Percentile by Number Answered
Your Score History
You have not taken this quiz